gminy powiatu płońskiego - Statystyki

Ogólne statystyki
  • Ten quiz został rozwiązany 118 razy
  • Średni wynik to 8 z 12
Odpowiedzi na mapie
Odpowiedzi zakodowano w zielono-czerwonej skali na mapie do tego quizu, zgodnie z poniższymi procentami.
 
Statystyki odpowiedzi
Gmina Odpowiedź % Poprawnych
miejska Płońsk
96%
wiejska Płońsk
96%
miejska Raciąż
76%
wiejska Raciąż
76%
wiejska Baboszewo
67%
miejsko-wiejska Sochocin
67%
miejsko-wiejska Nowe Miasto
64%
miejsko-wiejska Czerwińsk nad Wisłą
56%
wiejska Załuski
45%
wiejska Joniec
42%
wiejska Naruszewo
40%
wiejska Dzierzążnia
33%
Nie znaleziono quizów pasujących do podanych kryteriów
Rozkład punktacji
Procent ludzi z każdym wynikiem
Percentyl według liczby udzielonych odpowiedzi
Twoja historia wyników
Nie rozwiązałeś tego quizu